000 00740nam0a22002531 4500
001 rc\3009464
005 20250806200957.0
035 _a(NLR Aleph) 007152088
090 _a4393
_c4393
100 _a20110923d1941 u y0rusy50 ca
101 0 _arus
102 _aRU
105 _ay z |||||
200 1 _aФашизм - душитель свободы совести
210 _aМосква
_cГАИЗ
_d1941
215 _a36 с.
_d20 см
700 1 _aШейнман
_bМ.М.
_f1902-
_gМихаил Маркович
801 0 _aRU
_bNLR
_gpsbo
801 1 _aRU
_bELAR
_2rusmarc
852 _aNLR
_jИ54 Г-4/64
942 _cBOOK
945 _aРоссийская национальная библиотека
980 _aNB
980 _aBV